000 00986nam a22002657a 4500
005 20111201135017.0
008 111201t xxu||||| |||| 00| 0 eng d
010 _aENG-104269
020 _a9781259002311
_c399.00
020 _a1259002314
_c399.00
035 _aEN-87802
037 _bDBAD/PUB
040 _aDPL
_bEng
082 _a658.3
100 _aBoselie, Paul
_936352
245 _aStrategic human resource management :
_cby Paul Boselie
_ba balanced approach /
260 _aNew Delhi
_bTata McGraw Hill
_c2011
270 _a7 West Patel Nagar
_bNew Delhi
_e110008
300 _axxii,317p. :
_c24cm(pbk)
_bill.
500 _aIncludes bibliographical references and index.
650 _936353
_aPersonnel management.
650 _aStrategic planning.
_936853
942 _2ddc
_cEN
_mBOS
_h658.3
999 _c58881
_d58881